000 01319nam a22002777a 4500
001 5087
003 FISKH
005 20241105142110.0
008 241105b cb ||||| |||| 00| 0 eng d
020 _a9780194237765
040 _aFISKH
_beng
_cFISKH
_dFISKH
050 _aPE1126.A4
082 _a428.6
100 _aNewbolt, Barnaby
245 _aWorld Wonders /
_cby Barnaby Newbolt
260 _aOxford :
_bOxford University Press ;
_c2011 .
300 _a56 pages :
_bcolor illustrations , maps ;
_c22 cm .
490 _axford Bookworms
_vStage 2
505 _aZ
520 _aWhat are the most beautiful, the most interesting, the most wonderful things in the world? The Great Pyramid, the Great Wall of China, the Panama Canal - everyone has their favourites. And there are natural wonders too - Mount Everest, Niagara Falls, and the Northern Lights, for example. Hereis one person's choice of eleven wonders. Some of them are made by people, and others are natural. Everyone knows the Grand Canyon and the Great Barrier Reef - but what about the Iguazu Falls, or the old city of Petra? Come and discover new wonders ...
521 8 _a990
_bLexile
521 8 _aZ
_bRaz-Plus
650 _awonders
_vnon-fiction
700 _aLindop, Christine
_eFactfiles Series Editor
942 _2ddc
_cBK
_n0
999 _c5087
_d5087